[Event "Swiss Queens Wed #19"]
[Site "FIDE Online Arena INT"]
[Date "2024.06.05"]
[Round "3"]
[White "Chitlange, Sakshi"]
[Black "Shubenkova, Veronika"]
[Result "0-1"]
[WhiteElo "2173"]
[BlackElo "2030"]
[PlyCount "130"]
[EventDate "2024.06.05"]
[EventType "swiss (blitz)"]
[EventRounds "11"]
[EventCountry "NET"]
[SourceTitle "CB24_2024"]
[SourceDate "2024.06.12"]
[SourceVersion "1"]
[SourceVersionDate "2024.06.12"]
[SourceQuality "1"]

1. d4 d5 2. c4 e6 3. Nc3 f5 4. e3 Nf6 5. Bd3 c6 6. Nge2 Bd6 7. f3 0-0 8. 0-0 a6 9. Bd2 b5 10. b3 b4 11. Na4 a5 12. a3 bxa3 13. c5 Bc7 14. Rxa3 Na6 15. Nb6 Bxb6 16. cxb6 Qxb6 17. Bxa5 Qb8 18. Qc2 Bb7 19. Rc1 Nd7 20. Nf4 Qd6 21. Raa1 g5 22. Ne2 Nb4 23. Bxb4 Qxb4 24. Qc3 Qd6 25. Rxa8 Bxa8 26. Ra1 e5 27. Ra7 e4 28. fxe4 fxe4 29. Bc2 Qf6 30. Qe1 Nb6 31. Ng3 Rf7 32. Ra6 Qd8 33. Qa5 Qf6 34. Qe1 Qd8 35. Nh5 Bb7 36. Ra7 Bc8 37. Rxf7 Kxf7 38. Qf2+ Kg6 39. Ng3 Qe7 40. h3 c5 41. dxc5 Qxc5 42. Bd1 Qc1 43. Qe1 Kg7 44. Nh5+ Kh6 45. Ng3 Be6 46. Kh2 Nd7 47. Qe2 Nf6 48. Nh5 Qc7+ 49. g3 Nd7 50. Kg2 Ne5 51. Qf2 Nf3 52. Nf6 Kg6 53. Ng4 h5 54. Nh2 g4 55. hxg4 hxg4 56. Nf1 Qh7 57. Qc2 Qh3+ 58. Kf2 Qh1 59. Bxf3 gxf3 60. Ke1 Bh3 61. Qf2 Bg2 62. b4 Qh8 63. b5 Qa1+ 64. Kd2 Bxf1 65. Qh2 Qb2+ 0-1

[Event "Swiss Queens Wed #18"]
[Site "FIDE Online Arena INT"]
[Date "2024.05.29"]
[Round "1"]
[White "Aishani, Pathak"]
[Black "Shubenkova, Veronika"]
[Result "0-1"]
[WhiteElo "1578"]
[BlackElo "2030"]
[PlyCount "50"]
[EventDate "2024.05.29"]
[EventType "swiss (blitz)"]
[EventRounds "11"]
[EventCountry "NET"]
[SourceTitle "CB23_2024"]
[SourceDate "2024.06.05"]
[SourceVersion "1"]
[SourceVersionDate "2024.06.05"]
[SourceQuality "1"]

1. c4 e6 2. d4 d5 3. cxd5 exd5 4. Nc3 f5 5. Nf3 Nf6 6. Bg5 c6 7. e3 Be7 8. Bd3 Ne4 9. Bxe7 Qxe7 10. 0-0 0-0 11. Ne5 Nd7 12. Nxd7 Bxd7 13. Ne2 Rae8 14. a3 Rf6 15. b4 a6 16. Nf4 Rh6 17. f3 Nd6 18. Re1 Qh4 19. Nh3 g5 20. Qd2 g4 21. fxg4 fxg4 22. Nf4 Qxh2+ 23. Kf2 g3+ 24. Ke2 Bg4+ 25. Kf1 Qh1# 0-1

[Event "Swiss Queens Wed #18"]
[Site "FIDE Online Arena INT"]
[Date "2024.05.29"]
[Round "6"]
[White "Gunina, Valentina"]
[Black "Shubenkova, Veronika"]
[Result "1/2-1/2"]
[WhiteElo "2437"]
[BlackElo "2030"]
[PlyCount "134"]
[EventDate "2024.05.29"]
[EventType "swiss (blitz)"]
[EventRounds "11"]
[EventCountry "NET"]
[SourceTitle "CB23_2024"]
[SourceDate "2024.06.05"]
[SourceVersion "1"]
[SourceVersionDate "2024.06.05"]
[SourceQuality "1"]

1. d4 d5 2. c4 e6 3. Nf3 Nf6 4. Nc3 Be7 5. Bf4 0-0 6. e3 c6 7. Bd3 Nbd7 8. 0-0 Re8 9. Qc2 Nf8 10. Ne5 Nh5 11. Rad1 Nxf4 12. exf4 Bd6 13. g3 f6 14. Nf3 Bd7 15. Rfe1 Rc8 16. f5 Kh8 17. fxe6 Bxe6 18. c5 Bb8 19. Bf5 Rc7 20. Bxe6 Nxe6 21. Re3 Rce7 22. Rde1 b6 23. Qf5 Qd7 24. b4 Kg8 25. h4 bxc5 26. bxc5 Kf7 27. Qxh7 Nf8 28. Rxe7+ Rxe7 29. Rxe7+ Qxe7 30. Qf5 Qb7 31. Kg2 Qb2 32. Nxd5 cxd5 33. Qxd5+ Kg6 34. Qd8 Kf7 35. d5 Be5 36. d6 Qb7 37. g4 Ne6 38. Qe7+ Qxe7 39. dxe7 Kxe7 40. Nxe5 fxe5 41. Kf3 Nxc5 42. g5 Ke6 43. Kg4 Nd7 44. h5 Nf8 45. h6 gxh6 46. gxh6 Kf6 47. f4 e4 48. f5 Nh7 49. Kf4 Ng5 50. a4 e3 51. Kxe3 Kxf5 52. Kd4 Kg6 53. Kc5 Nf7 54. Kb5 Nd6+ 55. Ka6 Nc8 56. Kb7 Nb6 57. a5 Nd7 58. Kxa7 Kxh6 59. Kb7 Kg6 60. Kc6 Nb8+ 61. Kc7 Na6+ 62. Kb6 Nb8 63. Kb7 Nd7 64. Kc6 Nb8+ 65. Kc7 Na6+ 66. Kb6 Nb8 67. Kb7 Nd7 1/2-1/2

[Event "Swiss Queens Wed #17"]
[Site "FIDE Online Arena INT"]
[Date "2024.05.22"]
[Round "6"]
[White "Shubenkova, Veronika"]
[Black "Kosteniuk, Alexandra"]
[Result "1/2-1/2"]
[WhiteElo "2030"]
[BlackElo "2501"]
[PlyCount "172"]
[EventDate "2024.05.22"]
[EventType "swiss (blitz)"]
[EventRounds "11"]
[EventCountry "NET"]
[SourceTitle "CB22_2024"]
[SourceDate "2024.05.29"]
[SourceVersion "1"]
[SourceVersionDate "2024.05.29"]
[SourceQuality "1"]

1. d4 Nf6 2. c4 e6 3. a3 c5 4. e3 a6 5. dxc5 Bxc5 6. b4 Ba7 7. Bb2 d5 8. Nf3 0-0 9. cxd5 exd5 10. Be2 Nc6 11. 0-0 Bg4 12. Nbd2 Rc8 13. Nb3 Bb8 14. Nbd4 Ne7 15. h3 Bd7 16. Qd3 Ng6 17. Rac1 Qb6 18. Rxc8 Rxc8 19. Rc1 Rxc1+ 20. Bxc1 Qc7 21. Bb2 Ne4 22. Qc2 Qd6 23. Nb3 Ng5 24. Nbd2 f6 25. Kf1 Nf7 26. e4 Nf4 27. exd5 Nxe2 28. Kxe2 Qxd5 29. a4 Bc6 30. Kf1 Qa2 31. a5 Qd5 32. Kg1 Bd6 33. Qc3 Ng5 34. h4 Nxf3+ 35. gxf3 Be5 36. Qc2 Bf4 37. Ne4 f5 38. Nc5 Qxf3 39. Qb3+ Qxb3 40. Nxb3 Bd2 41. Nxd2 Kf7 42. Bc3 g6 43. Kf1 Ke6 44. Ke2 h6 45. Ke3 g5 46. hxg5 hxg5 47. f4 g4 48. Kd4 g3 49. Ke3 Bd5 50. Nf3 g2 51. Nd4+ Kd7 52. Kf2 Be4 53. Ne2 Kd6 54. Ng3 Bc2 55. Kxg2 Kd5 56. Kf2 Kc4 57. Be1 Kb5 58. Nf1 b6 59. Ne3 Be4 60. axb6 Kxb6 61. Nc4+ Kc6 62. Ne5+ Kb5 63. Ke3 Kb6 64. Kd4 Kb5 65. Nf7 Kc6 66. Ng5 Bb1 67. Bc3 Kd6 68. Nf3 Ke6 69. Ne5 Kd6 70. Nc4+ Ke6 71. Kc5 Kd7 72. Kb6 Ke6 73. Kxa6 Bd3 74. Kb5 Kd5 75. Be5 Bxc4+ 76. Ka5 Kc6 77. Bb8 Bb5 78. Be5 Bc4 79. Ka4 Kb6 80. Bd4+ Ka6 81. Be5 Bd5 82. Ka3 Kb5 83. Bd6 Be4 84. Be5 Bd5 85. Bd6 Be4 86. Be5 Bd5 1/2-1/2

[Event "Titled Tuesday intern op 21st May Early"]
[Site "Chess.com INT"]
[Date "2024.05.21"]
[Round "7"]
[White "Osmonbekov, Talaibek D"]
[Black "Shubenkova, Veronika"]
[Result "0-1"]
[WhiteElo "2108"]
[BlackElo "2030"]
[PlyCount "56"]
[EventDate "2024.05.21"]
[EventType "swiss (blitz)"]
[EventRounds "11"]
[EventCountry "USA"]
[SourceTitle "CB22_2024"]
[SourceDate "2024.05.29"]
[SourceVersion "1"]
[SourceVersionDate "2024.05.29"]
[SourceQuality "1"]

1. d4 d5 2. Nc3 e6 3. Bf4 f5 4. f3 Nf6 5. Nb5 Na6 6. e3 c6 7. Nc3 c5 8. Bb5+ Bd7 9. a4 Be7 10. Nge2 0-0 11. 0-0 Nc7 12. Kh1 a6 13. Bxd7 Qxd7 14. e4 fxe4 15. fxe4 dxe4 16. dxc5 Ncd5 17. Ng3 e3 18. Nxd5 Nxd5 19. Bxe3 Qc6 20. Bd4 e5 21. Bxe5 Ne3 22. Rxf8+ Rxf8 23. Qe2 Bxc5 24. Bc3 Qh6 25. a5 Qh4 26. Re1 Ng4 27. Qe6+ Kh8 28. Bxg7+ Kxg7 0-1

[Event "Titled Tuesday intern op 21st May Early"]
[Site "Chess.com INT"]
[Date "2024.05.21"]
[Round "6"]
[White "Shubenkova, Veronika"]
[Black "Arikov, Artem"]
[Result "0-1"]
[WhiteElo "2030"]
[BlackElo "2347"]
[PlyCount "72"]
[EventDate "2024.05.21"]
[EventType "swiss (blitz)"]
[EventRounds "11"]
[EventCountry "USA"]
[SourceTitle "CB22_2024"]
[SourceDate "2024.05.29"]
[SourceVersion "1"]
[SourceVersionDate "2024.05.29"]
[SourceQuality "1"]

1. d4 Nf6 2. e3 d5 3. f4 c5 4. Nf3 Bf5 5. c3 e6 6. Bd3 Bxd3 7. Qxd3 Qb6 8. 0-0 Be7 9. Nbd2 Nbd7 10. Ne5 Rc8 11. b3 cxd4 12. exd4 Ne4 13. Nxe4 dxe4 14. Qg3 g6 15. Nxd7 Kxd7 16. Bb2 f5 17. c4 Bf6 18. Kh1 Ke7 19. Rad1 Rhd8 20. Qh3 h5 21. Ba3+ Kf7 22. d5 exd5 23. cxd5 Rc3 24. g3 Rc2 25. g4 hxg4 26. Qh7+ Bg7 27. Qh4 Bf6 28. Qh7+ Bg7 29. Qh4 Rd7 30. d6 Rxa2 31. Bc1 Qxb3 32. Qe1 Qc3 33. Qh4 Qh3 34. Qxh3 gxh3 35. Be3 Bf8 36. Bc5 b6 0-1

[Event "Titled Tuesday intern op 21st May Early"]
[Site "Chess.com INT"]
[Date "2024.05.21"]
[Round "8"]
[White "Shubenkova, Veronika"]
[Black "Cogan, Nicolas"]
[Result "1-0"]
[WhiteElo "2030"]
[BlackElo "2110"]
[PlyCount "69"]
[EventDate "2024.05.21"]
[EventType "swiss (blitz)"]
[EventRounds "11"]
[EventCountry "USA"]
[SourceTitle "CB22_2024"]
[SourceDate "2024.05.29"]
[SourceVersion "1"]
[SourceVersionDate "2024.05.29"]
[SourceQuality "1"]

1. d4 Nf6 2. e3 c5 3. c3 b6 4. f4 Bb7 5. Nf3 g6 6. Bd3 Bg7 7. 0-0 d6 8. Qe2 Nbd7 9. e4 0-0 10. d5 e6 11. dxe6 fxe6 12. c4 b5 13. Nc3 bxc4 14. Bxc4 d5 15. exd5 exd5 16. Nxd5 Nxd5 17. Qe6+ Kh8 18. Bxd5 Re8 19. Qf7 Re7 20. Ng5 Rxf7 21. Nxf7+ Kg8 22. Nxd8+ Bxd5 23. Rd1 Bd4+ 24. Kh1 Rxd8 25. a4 Nf6 26. Bd2 Bxb2 27. Rab1 Bd4 28. h3 Nh5 29. Kh2 Be4 30. Rb5 Be3 31. Re1 Bxd2 32. Rxe4 Bxf4+ 33. Kg1 Bd6 34. Rb7 Nf6 35. Re6 1-0

[Event "Titled Tuesday intern op 21st May Early"]
[Site "Chess.com INT"]
[Date "2024.05.21"]
[Round "10"]
[White "Shubenkova, Veronika"]
[Black "Garakov, Mikhael"]
[Result "0-1"]
[WhiteElo "2030"]
[BlackElo "2447"]
[PlyCount "116"]
[EventDate "2024.05.21"]
[EventType "swiss (blitz)"]
[EventRounds "11"]
[EventCountry "USA"]
[SourceTitle "CB22_2024"]
[SourceDate "2024.05.29"]
[SourceVersion "1"]
[SourceVersionDate "2024.05.29"]
[SourceQuality "1"]

1. d4 c5 2. e3 e6 3. f4 Nf6 4. Nf3 d6 5. c3 Be7 6. Bd3 0-0 7. 0-0 Nc6 8. Nbd2 Qc7 9. a3 e5 10. Ne4 exd4 11. exd4 cxd4 12. cxd4 Bg4 13. Nxf6+ Bxf6 14. d5 Nd4 15. Kh1 Nxf3 16. gxf3 Bh5 17. Be3 Rfe8 18. Qd2 Rac8 19. Rg1 Bxf3+ 20. Rg2 Qd7 21. Rag1 Qh3 22. Bxa7 Kh8 23. Bf1 Re4 24. Qa5 Rxf4 25. Bf2 Bd4 26. Bg3 Rf5 27. Bxd6 Bxd5 28. Qd2 Bxg1 29. Kxg1 Rxf1+ 30. Kxf1 Qxg2+ 31. Qxg2 Bxg2+ 32. Kxg2 Rc2+ 33. Kf3 Rxb2 34. Ke4 Kg8 35. Kd5 f5 36. a4 Kf7 37. a5 g5 38. Bc5 f4 39. Kd6 g4 40. Kc7 g3 41. hxg3 fxg3 42. Bd4 Rb3 43. Bb6 g2 44. Kxb7 g1Q 45. Ka7 Rxb6 46. axb6 h5 47. Ka6 h4 48. b7 Qb1 49. Ka7 h3 50. Ka8 Qxb7+ 51. Kxb7 Ke6 52. Kc8 h2 53. Kd8 h1Q 54. Kc7 Qc1+ 55. Kb6 Kd6 56. Ka5 Qb2 57. Ka4 Kc5 58. Ka5 Qa1# 0-1

[Event "Titled Tuesday intern op 21st May Late"]
[Site "Chess.com INT"]
[Date "2024.05.21"]
[Round "2"]
[White "Shubenkova, Veronika"]
[Black "Grozdanovic, Anastasia"]
[Result "0-1"]
[WhiteElo "2030"]
[BlackElo "2101"]
[PlyCount "134"]
[EventDate "2024.05.21"]
[EventType "swiss (blitz)"]
[EventRounds "11"]
[EventCountry "USA"]
[SourceTitle "CB22_2024"]
[SourceDate "2024.05.29"]
[SourceVersion "1"]
[SourceVersionDate "2024.05.29"]
[SourceQuality "1"]

1. g4 d5 2. h3 e5 3. d4 e4 4. Bf4 c6 5. e3 Bd6 6. Bxd6 Qxd6 7. Ne2 h5 8. gxh5 Nf6 9. Nf4 Qb4+ 10. Nc3 Qxb2 11. Na4 Qb4+ 12. c3 Qa5 13. Qb3 Nbd7 14. Be2 Nb6 15. Nxb6 axb6 16. Kf1 b5 17. Kg2 Bd7 18. Rhg1 Qa3 19. Qc2 Qa4 20. Qd2 Ke7 21. Kh2 Rag8 22. Rg2 Rh7 23. Rag1 Qa3 24. f3 Ra8 25. Bd1 Nxh5 26. Nxh5 Rxh5 27. Rf1 Rxh3+ 28. Kg1 exf3 29. Rxf3 g6 30. e4 dxe4 31. Qg5+ Kf8 32. Rxh3 Bxh3 33. Rf2 Be6 34. Qxg6 Ke7 35. Qg5+ Kd7 36. Bg4 Qe7 37. Bxe6+ fxe6 38. Qe5 Rg8+ 39. Kf1 Qg7 40. Qxe4 Qg1+ 41. Ke2 Qc1 42. Rf7+ Kd8 43. Qh4+ Kc8 44. Qf2 Qc2+ 45. Ke1 Qxc3+ 46. Ke2 Qc2+ 47. Ke1 Qxf2+ 48. Kxf2 Rd8 49. Ke3 Rd7 50. Rf8+ Kc7 51. Ke4 Rh7 52. Ke5 Rh2 53. Kxe6 Rxa2 54. Rf7+ Kb6 55. Kd6 Rd2 56. Ke5 b4 57. Rf3 Kb5 58. Rf7 b6 59. Rf3 Kc4 60. Ke4 Rxd4+ 61. Ke5 Rd1 62. Rf4+ Kc3 63. Rf6 c5 64. Rxb6 c4 65. Rb5 b3 66. Ke4 b2 67. Ke3 b1Q 0-1

[Event "Titled Tuesday intern op 21st May Early"]
[Site "Chess.com INT"]
[Date "2024.05.21"]
[Round "4"]
[White "Shubenkova, Veronika"]
[Black "Sokolovsky, Yahli"]
[Result "0-1"]
[WhiteElo "2030"]
[BlackElo "2484"]
[PlyCount "76"]
[EventDate "2024.05.21"]
[EventType "swiss (blitz)"]
[EventRounds "11"]
[EventCountry "USA"]
[SourceTitle "CB22_2024"]
[SourceDate "2024.05.29"]
[SourceVersion "1"]
[SourceVersionDate "2024.05.29"]
[SourceQuality "1"]

1. d4 d6 2. c4 e5 3. d5 f5 4. Nc3 Nf6 5. Qc2 Be7 6. f3 0-0 7. e4 Nh5 8. Be3 Bg5 9. Qd2 Bxe3 10. Qxe3 Na6 11. 0-0-0 f4 12. Qd2 Nc5 13. Kb1 a6 14. Nge2 b5 15. cxb5 axb5 16. Nxb5 Ba6 17. Nec3 Qd7 18. Be2 Rfb8 19. a4 Nxa4 20. Nxa4 Bxb5 21. Nc3 Ba4 22. Rdg1 Bb3 23. Qd3 Ra5 24. Kc1 Ba4 25. g3 Rb4 26. Bd1 Rd4 27. Qe2 Bxd1 28. Rxd1 fxg3 29. Kc2 Nf4 30. Qe3 g2 31. Rhg1 Rc4 32. Ra1 Rxa1 33. Rxa1 h6 34. b3 Rc5 35. Kb2 Qh3 36. Na4 Qxh2 37. Nxc5 g1Q+ 38. Kc3 Qxe3+ 0-1

[Event "Titled Tuesday intern op 21st May Early"]
[Site "Chess.com INT"]
[Date "2024.05.21"]
[Round "3"]
[White "Volkov, Maksim"]
[Black "Shubenkova, Veronika"]
[Result "0-1"]
[WhiteElo "2337"]
[BlackElo "2030"]
[PlyCount "46"]
[EventDate "2024.05.21"]
[EventType "swiss (blitz)"]
[EventRounds "11"]
[EventCountry "USA"]
[SourceTitle "CB22_2024"]
[SourceDate "2024.05.29"]
[SourceVersion "1"]
[SourceVersionDate "2024.05.29"]
[SourceQuality "1"]

1. e4 c5 2. Nf3 e6 3. d4 cxd4 4. Nxd4 a6 5. c4 Nc6 6. Nc3 Qc7 7. a3 Nge7 8. Be3 g6 9. Be2 Bg7 10. 0-0 0-0 11. c5 Nxd4 12. Bxd4 Bxd4 13. Qxd4 Nc6 14. Qe3 d6 15. Rfd1 dxc5 16. Qxc5 b6 17. Qc4 Bb7 18. Rac1 Rac8 19. Nd5 exd5 20. exd5 Qe5 21. dxc6 Rxc6 22. Qd3 Rxc1 23. Rxc1 Qg5 0-1

[Event "Swiss Queens Wed #15"]
[Site "FIDE Online Arena INT"]
[Date "2024.05.08"]
[Round "8"]
[White "Petrova, Irina"]
[Black "Shubenkova, Veronika"]
[Result "0-1"]
[WhiteElo "2109"]
[BlackElo "2029"]
[PlyCount "56"]
[EventDate "2024.05.08"]
[EventType "swiss (blitz)"]
[EventRounds "11"]
[EventCountry "NET"]
[SourceTitle "CB20_2024"]
[SourceDate "2024.05.16"]
[SourceVersion "1"]
[SourceVersionDate "2024.05.16"]
[SourceQuality "1"]

1. d4 d5 2. c4 e6 3. Nc3 f5 4. h4 Nf6 5. Bg5 c6 6. e3 Be7 7. Nf3 0-0 8. Be2 Ne4 9. Qc2 Nxg5 10. hxg5 Bxg5 11. 0-0-0 h6 12. Ne5 Nd7 13. f4 Nxe5 14. dxe5 Be7 15. g4 Qb6 16. Rh3 Bd7 17. g5 hxg5 18. Bh5 g4 19. Rh2 Qxe3+ 20. Kb1 Qxf4 21. Bg6 Be8 22. Bh7+ Kf7 23. Bg6+ Kxg6 24. Rdh1 d4 25. Ne2 Qe4 26. Rf1 d3 27. Nf4+ Qxf4 28. Qxd3 Qxh2 0-1

[Event "Swiss Queens Wed #15"]
[Site "FIDE Online Arena INT"]
[Date "2024.05.08"]
[Round "11"]
[White "Shubenkova, Veronika"]
[Black "Anupam, M Sreekumar"]
[Result "1-0"]
[WhiteElo "2029"]
[BlackElo "1872"]
[PlyCount "143"]
[EventDate "2024.05.08"]
[EventType "swiss (blitz)"]
[EventRounds "11"]
[EventCountry "NET"]
[SourceTitle "CB20_2024"]
[SourceDate "2024.05.16"]
[SourceVersion "1"]
[SourceVersionDate "2024.05.16"]
[SourceQuality "1"]

1. d4 Nf6 2. e3 g6 3. c4 Bg7 4. Nc3 0-0 5. e4 d6 6. f3 e5 7. d5 c6 8. Be3 cxd5 9. cxd5 Nbd7 10. Qd2 Qa5 11. Bd3 Nc5 12. Nge2 Nxd3+ 13. Qxd3 Bd7 14. a3 b5 15. b4 Qc7 16. Nxb5 Bxb5 17. Qxb5 Qc2 18. Rc1 Qb3 19. Rc3 Qb1+ 20. Bc1 Rac8 21. 0-0 Rxc3 22. Nxc3 Qc2 23. Ne2 Rc8 24. Be3 Qb3 25. Bxa7 Qxa3 26. Bf2 h5 27. Qb6 Rc2 28. Re1 Qb2 29. Kf1 Bf8 30. b5 Nd7 31. Qa5 Nc5 32. Bxc5 Rxc5 33. Qa1 Qxb5 34. Qb1 Qa4 35. Qd3 Bh6 36. Rb1 Qa2 37. Qb3 Qd2 38. Rd1 Qc2 39. Qxc2 Rxc2 40. Kf2 f5 41. Rb1 Rc4 42. exf5 gxf5 43. Ng3 Rc2+ 44. Kf1 Bf4 45. Nxf5 Bxh2 46. Nxd6 Rd2 47. Rb5 Bg3 48. Ne4 Rd1+ 49. Ke2 Re1+ 50. Kd2 Rg1 51. Nxg3 Rxg2+ 52. Ne2 h4 53. Rb4 h3 54. Rh4 h2 55. Ke3 Kg7 56. d6 Kf6 57. Nc3 Ke6 58. Ne4 Ra2 59. Rh6+ Kd7 60. Nc5+ Kc6 61. d7+ Kxc5 62. d8Q Ra3+ 63. Ke4 Ra4+ 64. Kf5 Rf4+ 65. Kxe5 Rh4 66. Qd6+ Kc4 67. Rxh4+ Kc3 68. Qd4+ Kb3 69. Qc4+ Kb2 70. Rxh2+ Kb1 71. Qc2+ Ka1 72. Qb2# 1-0

[Event "Swiss Queens Wed #15"]
[Site "FIDE Online Arena INT"]
[Date "2024.05.08"]
[Round "7"]
[White "Shubenkova, Veronika"]
[Black "Avramidou, Anastasia"]
[Result "0-1"]
[WhiteElo "2029"]
[BlackElo "2292"]
[PlyCount "74"]
[EventDate "2024.05.08"]
[EventType "swiss (blitz)"]
[EventRounds "11"]
[EventCountry "NET"]
[SourceTitle "CB20_2024"]
[SourceDate "2024.05.16"]
[SourceVersion "1"]
[SourceVersionDate "2024.05.16"]
[SourceQuality "1"]

1. Nf3 Nf6 2. g3 g6 3. Bg2 Bg7 4. 0-0 0-0 5. d4 d6 6. c4 Nc6 7. Nc3 a6 8. d5 Nb8 9. e4 Nbd7 10. Nd4 Nc5 11. h3 a5 12. Kh2 e5 13. Nc2 Nh5 14. Be3 b6 15. Bxc5 bxc5 16. Ne3 Bd7 17. Qe2 Qe8 18. a4 f5 19. exf5 gxf5 20. Nb5 Rc8 21. Na7 Rb8 22. Nc6 Ra8 23. Nd1 Kh8 24. Nc3 f4 25. Nb5 Rc8 26. Be4 Nf6 27. Nca7 Nxe4 28. Qxe4 Qh5 29. Nxc8 Qxh3+ 30. Kg1 f3 31. Qxf3 Rxf3 32. Ne7 Rf6 33. Rfe1 Rh6 34. f4 Qxg3+ 35. Kf1 Rh2 36. Ng6+ hxg6 37. fxe5 Qf2# 0-1

[Event "Swiss Queens Wed #15"]
[Site "FIDE Online Arena INT"]
[Date "2024.05.08"]
[Round "3"]
[White "Shubenkova, Veronika"]
[Black "Lesbekova, Asel"]
[Result "0-1"]
[WhiteElo "2029"]
[BlackElo "1878"]
[PlyCount "112"]
[EventDate "2024.05.08"]
[EventType "swiss (blitz)"]
[EventRounds "11"]
[EventCountry "NET"]
[SourceTitle "CB20_2024"]
[SourceDate "2024.05.16"]
[SourceVersion "1"]
[SourceVersionDate "2024.05.16"]
[SourceQuality "1"]

1. d4 d5 2. e3 e6 3. f4 c5 4. Nf3 Nc6 5. c3 Nf6 6. Bd3 Ne4 7. 0-0 f5 8. Bxe4 dxe4 9. Ne5 Nxe5 10. fxe5 cxd4 11. cxd4 Be7 12. Qb3 0-0 13. Nc3 Qb6 14. Qxb6 axb6 15. d5 exd5 16. Nxd5 Bd8 17. Bd2 Be6 18. Nf4 Kf7 19. Rfd1 Be7 20. Bc3 g5 21. Nh5 Bc5 22. Bd4 Rfd8 23. Nf6 h6 24. a3 Bb3 25. Rd2 Bc4 26. Rc1 Ra4 27. Rcd1 Be7 28. Bxb6 Rxd2 29. Rxd2 Bd3 30. Nd5 Rc4 31. g3 Bc5 32. b3 Rc1+ 33. Kg2 Ke6 34. Bxc5 Rxc5 35. Nb4 Rc3 36. Nxd3 exd3 37. Kf2 Rxb3 38. e4 fxe4 39. Ke3 Kxe5 40. a4 Ra3 41. Rb2 Ra1 42. Rb5+ Ke6 43. Rb6+ Kf5 44. Rxb7 Re1+ 45. Kd2 Re2+ 46. Kd1 Rxh2 47. a5 e3 48. Rb5+ Kg4 49. Kc1 Rc2+ 50. Kb1 e2 51. Re5 Rd2 52. Kc1 Rd1+ 53. Kb2 e1Q 54. Rxe1 Rxe1 55. a6 Re7 56. a7 Rxa7 0-1

[Event "Swiss Queens Wed #14"]
[Site "FIDE Online Arena INT"]
[Date "2024.05.01"]
[Round "5"]
[White "Kashlinskaya, Alina"]
[Black "Shubenkova, Veronika"]
[Result "0-1"]
[WhiteElo "2468"]
[BlackElo "2113"]
[PlyCount "96"]
[EventDate "2024.05.01"]
[EventType "swiss (blitz)"]
[EventRounds "11"]
[EventCountry "NET"]
[SourceTitle "CB19_2024"]
[SourceDate "2024.05.08"]
[SourceVersion "1"]
[SourceVersionDate "2024.05.08"]
[SourceQuality "1"]

1. d4 d5 2. c4 e6 3. Nc3 f5 4. Nf3 Nf6 5. Bf4 c6 6. e3 Bd6 7. h3 0-0 8. Be2 Ne4 9. Qc2 Qe7 10. Bxd6 Qxd6 11. Nxe4 fxe4 12. Ne5 Nd7 13. Nxd7 Bxd7 14. Bg4 Rf7 15. 0-0-0 Raf8 16. Rd2 e5 17. dxe5 Qxe5 18. Bxd7 Rxd7 19. Rhd1 Rfd8 20. Kb1 d4 21. exd4 Rxd4 22. Rxd4 Rxd4 23. Re1 c5 24. g3 Qe6 25. Qa4 a6 26. Qb3 b6 27. Qa4 b5 28. Qa5 Qxc4 29. a3 Qe6 30. Qc7 Qf5 31. Ka2 Qf7+ 32. Qxf7+ Kxf7 33. Rc1 Rd5 34. Re1 Rd4 35. Rc1 c4 36. Rc2 Ke6 37. b3 Kd5 38. bxc4+ bxc4 39. Kb2 Rd3 40. Re2 Kd4 41. Rc2 Rb3+ 42. Ka2 Rd3 43. Kb2 a5 44. a4 Rb3+ 45. Ka2 Rb4 46. Ka3 c3 47. h4 Kd3 48. Rc1 c2 0-1

[Event "Swiss Queens Wed #14"]
[Site "FIDE Online Arena INT"]
[Date "2024.05.01"]
[Round "10"]
[White "Maltsevskaya, Aleksandra"]
[Black "Shubenkova, Veronika"]
[Result "0-1"]
[WhiteElo "2393"]
[BlackElo "2113"]
[PlyCount "70"]
[EventDate "2024.05.01"]
[EventType "swiss (blitz)"]
[EventRounds "11"]
[EventCountry "NET"]
[SourceTitle "CB19_2024"]
[SourceDate "2024.05.08"]
[SourceVersion "1"]
[SourceVersionDate "2024.05.08"]
[SourceQuality "1"]

1. Nf3 d5 2. g3 e6 3. Bg2 f5 4. 0-0 Nf6 5. d3 Be7 6. Nbd2 0-0 7. b3 c6 8. Bb2 Nbd7 9. e4 Ne8 10. Re1 f4 11. exd5 exd5 12. Nd4 Nc7 13. N2f3 fxg3 14. hxg3 Bf6 15. c3 Nc5 16. b4 N5e6 17. Ne2 Ng5 18. Nxg5 Bxg5 19. c4 Bg4 20. Qc2 Qd6 21. Nc3 Bf3 22. b5 Bxg2 23. Kxg2 Rf7 24. cxd5 cxd5 25. Re2 Raf8 26. Rae1 Qf6 27. Nxd5 Qf3+ 28. Kg1 Nxd5 29. Qc4 h5 30. Qd4 Bf6 31. Qxa7 Bxb2 32. Rxb2 b6 33. Qa4 Qxd3 34. Rd1 Qf5 35. Rbd2 Nc3 0-1

[Event "Swiss Queens Wed #14"]
[Site "FIDE Online Arena INT"]
[Date "2024.05.01"]
[Round "6"]
[White "Shubenkova, Veronika"]
[Black "Cori Tello, Deysi Estella"]
[Result "1-0"]
[WhiteElo "2113"]
[BlackElo "2389"]
[PlyCount "57"]
[EventDate "2024.05.01"]
[EventType "swiss (blitz)"]
[EventRounds "11"]
[EventCountry "NET"]
[SourceTitle "CB19_2024"]
[SourceDate "2024.05.08"]
[SourceVersion "1"]
[SourceVersionDate "2024.05.08"]
[SourceQuality "1"]

1. d4 g6 2. e3 Bg7 3. f4 d6 4. Nf3 Bg4 5. Be2 c6 6. 0-0 Nd7 7. c3 h5 8. Nbd2 Nh6 9. e4 e5 10. Nb3 0-0 11. h3 Be6 12. Ng5 Bxb3 13. axb3 exd4 14. cxd4 c5 15. d5 Bd4+ 16. Kh1 Re8 17. f5 gxf5 18. Bxh5 Qf6 19. exf5 Be3 20. h4 Nxf5 21. Bxf7+ Kg7 22. Rxf5 Qxf5 23. Bxe8 Rxe8 24. Ne6+ Rxe6 25. dxe6 Qxe6 26. Bxe3 Qxe3 27. Qg4+ Kh6 28. Qxd7 Qf4 29. Qh3 1-0

[Event "Swiss Queens Wed #14"]
[Site "FIDE Online Arena INT"]
[Date "2024.05.01"]
[Round "8"]
[White "Shubenkova, Veronika"]
[Black "Mammadova, Gulnar Marfat Qizi"]
[Result "0-1"]
[WhiteElo "2113"]
[BlackElo "2352"]
[PlyCount "88"]
[EventDate "2024.05.01"]
[EventType "swiss (blitz)"]
[EventRounds "11"]
[EventCountry "NET"]
[SourceTitle "CB19_2024"]
[SourceDate "2024.05.08"]
[SourceVersion "1"]
[SourceVersionDate "2024.05.08"]
[SourceQuality "1"]

1. d4 Nf6 2. e3 g6 3. c4 Bg7 4. Nc3 d6 5. e4 0-0 6. f3 Nc6 7. Be3 e5 8. d5 Nd4 9. Bd3 c5 10. Nge2 Nh5 11. Qd2 Qh4+ 12. Bf2 Qd8 13. 0-0-0 a6 14. Nxd4 cxd4 15. Ne2 b5 16. Kb1 Bd7 17. g4 Nf6 18. h4 h5 19. gxh5 Nxh5 20. Rc1 Kh7 21. Qb4 Qb6 22. c5 dxc5 23. Qxc5 Qf6 24. f4 Nxf4 25. Nxf4 Qxf4 26. Rcf1 Qf3 27. Qc2 Rac8 28. Qb3 Bh3 29. Bxd4 Bxf1 30. Rxf1 Qh3 31. Bb6 Rb8 32. Bc5 Rfc8 33. Be7 Rb7 34. d6 a5 35. Rxf7 a4 36. Qd1 Kg8 37. Rf3 Qg2 38. h5 gxh5 39. Rf5 Qg4 40. Qh1 Bh6 41. Rxh5 Rc1+ 42. Qxc1 Bxc1 43. Rf5 Bh6 44. a3 Qd1+ 0-1